01426nam a2200277 a 450000100100000000500170001000800410002702000180006804000250008608200250011110000220013624501190015826000380027730000470031549000430036259000250040565000820043065000860051271000560059883000500065491000370070495201230074195201290086495201380099399900170113100004674620240313073819.0180321s2015 dr a 000 0 spa d a9789945590296 aDO-SdBNPbspacBNPHU a551.460097293bR788c1 aRosa, Matt97468210aCambio climático en la República Dominicana :brecursos costeros y comunidades /cMatt Rosa y Hillary Lohmann. aSanto Domingo :bFUNGLODE,c2015. a121 p. :bil., mapas, gráficos ;c21 cm.1 aEstudios y reflexiones. Medio ambiente aInventariado,2018/DG 4aCambios climáticoszRepública Dominicana, Costa Oceano Atlántico974683 4aManejo de zonas costeraszRepública Dominicana, Costa Oceano Atlántico9746842 aFundación Global Democracía y Desarrollo925477 0aEstudios y reflexiones. Medio ambiente974685 aValidado. Control de calidad MFF 0010718PDaPDbPDcHDd2018-03-21iLF1l0o551.460097293 R788cp46746-10r2020-06-25w2020-06-25yLFPDZNo se presta 0010718PDaPDbPDcHDd2018-03-21iLF1l0o551.460097293 R788cp46746-20r2020-06-25te. 2w2020-06-25yLFPDZNo se presta 001054708DSaPDbPDcHDd2018-03-21iLF1l0o551.460097293 R788cp46746-30r2020-06-25te. 3w2020-06-25yLFDSZPréstamo en sala c46235d46235